Islam in the public sphere: (Record no. 17162)

MARC details
000 -LEADER
fixed length control field 00787nam a22002177a 4500
005 - DATE AND TIME OF LATEST TRANSACTION
control field 20081021102312.0
008 - FIXED-LENGTH DATA ELEMENTS--GENERAL INFORMATION
fixed length control field 081021t xxu||||| |||| 00| 0 eng d
010 ## - LIBRARY OF CONGRESS CONTROL NUMBER
LC control number ENG-84200
020 ## - INTERNATIONAL STANDARD BOOK NUMBER
International Standard Book Number 0195668103
020 ## - INTERNATIONAL STANDARD BOOK NUMBER
Terms of availability 650.00 (hb)
035 ## - SYSTEM CONTROL NUMBER
System control number EN-67733
082 ## - DEWEY DECIMAL CLASSIFICATION NUMBER
Classification number 305.30954
100 ## - MAIN ENTRY--PERSONAL NAME
Personal name Reetz, Dietrich
245 ## - TITLE STATEMENT
Title Islam in the public sphere:
Remainder of title religious groups in India, 1900-1947 /
Statement of responsibility, etc by Dietrich Reetz
260 ## - PUBLICATION, DISTRIBUTION, ETC. (IMPRINT)
Place of publication, distribution, etc New Delhi
Name of publisher, distributor, etc Oxford University Press
260 ## - PUBLICATION, DISTRIBUTION, ETC. (IMPRINT)
Date of publication, distribution, etc 2006
300 ## - PHYSICAL DESCRIPTION
Extent xv,379p
Dimensions 22cm
500 ## - GENERAL NOTE
General note Includes bibliographical references and index
942 ## - ADDED ENTRY ELEMENTS (KOHA)
Source of classification or shelving scheme Dewey Decimal Classification
Koha item type English Books
Classification part 305.30954
Call number suffix REE
Holdings
Withdrawn status Lost status Source of classification or shelving scheme Damaged status Not for loan Home library Current library Date acquired Cost, normal purchase price Total Checkouts Full call number Barcode Date last seen Cost, replacement price Price effective from Koha item type
    Dewey Decimal Classification   Not For Loan D.B.Act.Division D.B.Act.Division 27/02/2007 650.00   305.30954 REE EN-67733 21/10/2008 650.00 21/10/2008 English Books

© Delhi Public Library
Hit Counter
free hit counter